000 00653nam a22002057a 4500
005 20180419095130.0
010 _aENG-122528
020 _a9789383166206
_c595.00
035 _aEN-106060
037 _bDBAD/PUB.
082 _a306.850954
100 _aGrover, Shalini
245 _aMarriage, love, caste and kinship support:
_cby Shalini Grover
_blived experiences of the Urban Poor in india /
250 _aRevised Edn.
260 _aNew Delhi
_bSocial Science Press
_c2017
270 _a69, Jor Bagh,
_bNew Delhi
_e110003
300 _a236p.
_bill.
_c22cm.(Hb)
500 _aIncludes index
942 _2ddc
_cEN
_mGRO
_h306.850954
999 _c150912
_d150912